[Event "National Open"]
[Site "Las Vegas USA"]
[Date "2008.06.08"]
[Round "5"]
[White "Brigljevic,M"]
[Black "Kretchetov,A"]
[Result "1/2-1/2"]
[WhiteElo "2293"]
[BlackElo "2351"]
[EventDate "2008.06.06"]

1. e4 e5 2. Nf3 Nc6 3. Bc4 Bc5 4. c3 Nf6 5. d3 d6 6. h3 a6 7. Bb3 h6 8. O-O
O-O 9. d4 Ba7 10. dxe5 dxe5 11. Qe2 Qe7 12. Nh2 Nd8 13. Re1 Ne6 14. h4 Bd7
15. Qf3 Rae8 16. g3 Kh8 17. Be3 Bxe3 18. Qxe3 Bc6 19. Nd2 Rd8 20. Rad1 b6
21. Bc2 a5 22. f3 Nc5 23. Ndf1 Bb5 24. Rxd8 Rxd8 25. Rd1 Rxd1 26. Bxd1 Qd7
27. Qd2 Qxd2 28. Nxd2 Na4 29. Bxa4 Bxa4 30. Nc4 Nd7 31. Ng4 f6 1/2-1/2

[Event "National Open"]
[Site "Las Vegas USA"]
[Date "2008.06.08"]
[Round "5"]
[White "Rubsamen,C"]
[Black "Tate,E"]
[Result "1/2-1/2"]
[WhiteElo "2211"]
[BlackElo "2378"]
[EventDate "2008.06.06"]

1. e4 Nc6 2. Nf3 d6 3. d4 Nf6 4. Nc3 Bg4 5. d5 Nb8 6. h3 Bh5 7. Qe2 Bxf3 8.
Qxf3 Nbd7 9. g3 g6 10. Bg2 Bg7 11. O-O c6 12. Be3 cxd5 13. exd5 O-O 14.
Rfe1 a6 15. Bd4 Rc8 16. Re2 b5 17. Rae1 Re8 18. a4 b4 19. Na2 a5 20. Nc1
Nc5 21. b3 Nh5 22. Bxg7 Nxg7 23. Rd2 Nf5 24. Bf1 e5 25. dxe6 Nxe6 26. Bc4
Ned4 27. Rxe8+ Qxe8 28. Qd1 Qe4 29. Be2 Nxc2 30. Bd3 Qe1+ 31. Kh2 Nfd4 32.
Qxe1 Nxe1 33. Rd1 Ndf3+ 34. Kh1 Nxd3 35. Nxd3 Rc3 36. Nb2 Ne5 37. f4 Nf3
38. Rd3 Ne1 39. Rd1 Nf3 40. Rd3 Kf8 41. Rxc3 bxc3 42. Nd3 Ke7 43. b4 axb4
44. Nxb4 Nd4 45. Nd5+ Kd7 46. Nxc3 Kc6 47. Kg2 d5 48. Kf2 Kc5 49. Ke3 Nf5+
50. Kf3 Ne7 51. Ke2 Kc4 52. Kd2 Nc6 53. Nb5 f5 54. g4 fxg4 55. hxg4 h5 56.
f5 h4 57. fxg6 Ne7 58. g7 h3 59. Nd6+ Kb4 60. Nf5 h2 61. Nxe7 h1=Q 62. g8=Q
Qg2+ 63. Ke3 Qe4+ 64. Kf2 Qf4+ 65. Kg2 Qe4+ 66. Kg3 Qe3+ 67. Kh2 Qf2+ 68.
Kh3 Qe3+ 1/2-1/2

[Event "National Open"]
[Site "Las Vegas USA"]
[Date "2008.06.08"]
[Round "5"]
[White "Wallach,K"]
[Black "Naroditsky,D"]
[Result "1/2-1/2"]
[WhiteElo "2189"]
[BlackElo "2242"]
[EventDate "2008.06.06"]

1. e4 g6 2. d4 Bg7 3. c4 d6 4. Nc3 Nf6 5. f3 O-O 6. Bg5 Nc6 7. Nge2 a6 8.
Qd2 Rb8 9. h4 b5 10. O-O-O bxc4 11. h5 Nb4 12. Nf4 c5 13. dxc5 Qa5 14. hxg6
Nxe4 15. Nfd5 Rb7 16. gxh7+ Kh8 17. fxe4 Nxa2+ 18. Kc2 Bd7 19. Bxc4 Nxc3
20. Nxc3 Rxb2+ 21. Kxb2 Qa4 22. Bb3 Rb8 23. Qc2 Be6 24. Rd5 Bxd5 25. exd5
dxc5 26. Rh4 c4 27. Kc1 Qa1+ 28. Kd2 cxb3 29. Qd3 Qb2+ 30. Ke3 Qxg2 31. Bf4
Rc8 32. Ne2 b2 33. Qf5 e6 34. dxe6 fxe6 35. Qxe6 Qb7 36. Be5 Rd8 37. Nf4
Qe4+ 38. Kxe4 b1=Q+ 39. Kf3 Qd1+ 40. Ke4 Qb1+ 1/2-1/2

[Event "National Open"]
[Site "Las Vegas USA"]
[Date "2008.06.08"]
[Round "5"]
[White "Aigner,M USA"]
[Black "Sinanan,J"]
[Result "0-1"]
[WhiteElo "2249"]
[BlackElo "2155"]
[EventDate "2008.06.06"]

1. e4 c5 2. Nc3 e6 3. Nge2 Nc6 4. Ng3 Nf6 5. Bb5 Qc7 6. O-O Nd4 7. Re1 Bd6
8. a4 h5 9. d3 h4 10. Nf1 h3 11. g3 a6 12. Bc4 b6 13. Be3 Bb7 14. Bxd4 cxd4
15. Nb1 Nxe4 16. dxe4 Qxc4 17. Na3 Qc5 18. Qd3 Rc8 19. Nd2 e5 20. Rac1 Qc6
21. Nac4 Bc7 22. Nf3 f6 23. c3 d5 24. Ncd2 dxe4 25. Nxe4 dxc3 26. Rxc3 Qd7
27. Qc2 O-O 28. a5 Bb8 29. axb6 Rxc3 30. bxc3 Qc6 31. Qb3+ Kh8 32. Nh4 f5
33. Qd1 fxe4 34. Qh5+ Kg8 35. Ng6 Re8 36. Rd1 Qe6 37. c4 Bd6 38. c5 Bxc5
39. Rc1 Bxb6 40. Rb1 0-1

[Event "National Open"]
[Site "Las Vegas USA"]
[Date "2008.06.08"]
[Round "6"]
[White "Fressinet,L"]
[Black "Yermolinsky,A"]
[Result "1-0"]
[WhiteElo "2656"]
[BlackElo "2518"]
[EventDate "2008.06.06"]

1. e4 e5 2. Nf3 Nc6 3. Bb5 a6 4. Ba4 Nf6 5. O-O Be7 6. d3 d6 7. c3 O-O 8.
Nbd2 Nd7 9. Re1 Nc5 10. Bc2 Ne6 11. h3 g6 12. Nf1 Bf6 13. Be3 Ng5 14. N3h2
Ne6 15. Nf3 Ng5 16. N1h2 Nxf3+ 17. Nxf3 Bg7 18. d4 exd4 19. cxd4 d5 20. Qd2
Be6 21. e5 Ne7 22. Bg5 Qd7 23. Bf6 h6 24. Rac1 c6 25. Qf4 Rae8 26. Re3 Kh7
27. Nh4 Nf5 28. Bxf5 Bxf5 29. Bxg7 Kxg7 30. g4 Be6 31. Qf6+ Kh7 32. Kh2 Rg8
33. g5 Qe7 34. Rg1 Qxf6 35. exf6 Bd7 36. Nf3 Rxe3 37. fxe3 h5 38. Ne5 Be6
39. h4 Ra8 40. Rc1 Kg8 41. Rc3 Ra7 42. Rb3 Bc8 43. a4 a5 44. Rb6 Kf8 45.
Kg3 Ke8 46. Kf2 Be6 47. Ke2 Bf5 48. Kd2 Bh3 49. Kc3 Be6 50. b4 axb4+ 51.
Kxb4 Bc8 52. a5 Ra8 53. a6 bxa6 54. Ka5 1-0

[Event "National Open"]
[Site "Las Vegas USA"]
[Date "2008.06.08"]
[Round "6"]
[White "Rensch,D"]
[Black "Kolev,At1"]
[Result "0-1"]
[WhiteElo "2334"]
[BlackElo "2568"]
[EventDate "2008.06.06"]

1. e4 c5 2. Nf3 Nc6 3. d4 cxd4 4. Nxd4 Nf6 5. Nc3 e5 6. Ndb5 d6 7. Bg5 a6
8. Na3 b5 9. Bxf6 gxf6 10. Nd5 f5 11. Bd3 Be6 12. O-O Bxd5 13. exd5 Ne7 14.
Nxb5 Bg7 15. Nc3 e4 16. Bc4 Ng6 17. Qh5 Bxc3 18. bxc3 Qf6 19. Qh6 Rg8 20.
Rfe1 Ke7 21. Rab1 Ra7 22. g3 Ne5 23. Qe3 Rc7 24. Bxa6 Ra8 25. Bf1 Kf8 26.
Bg2 Rxc3 27. Qf4 Kg7 28. Rb2 Rac8 29. Rf1 R8c5 30. Rb3 Ng6 31. Qc1 Rxc2 32.
Qb1 Qd4 33. h4 Ne5 34. Qd1 Qxd1 35. Rxd1 Rxa2 36. Bh3 Kf6 37. Rb6 Nf3+ 38.
Kg2 Rcc2 39. Rf1 Nd2 40. Re1 Nc4 0-1

[Event "National Open"]
[Site "Las Vegas USA"]
[Date "2008.06.08"]
[Round "6"]
[White "Khachiyan,M"]
[Black "Shankland,S"]
[Result "1-0"]
[WhiteElo "2500"]
[BlackElo "2296"]
[EventDate "2008.06.06"]

1. e4 c5 2. Nf3 d6 3. d4 cxd4 4. Nxd4 Nf6 5. Nc3 a6 6. Be3 e6 7. Be2 b5 8.
Bf3 e5 9. Nf5 d5 10. Bg5 d4 11. Nd5 Nbd7 12. O-O h6 13. Bh4 g5 14. Bg3 Nxd5
15. exd5 Qf6 16. Nxd4 exd4 17. Qe1+ Kd8 18. d6 Rb8 19. Qa5+ Rb6 20. Bc6
Bxd6 21. Bxd7 Kc7 22. Bxc8 Rxc8 23. a4 b4 24. Rad1 Bf4 25. Bxf4+ gxf4 26.
Rfe1 Kb8 27. Re7 Rxc2 28. Rxf7 Qd6 29. Rd7 Qc5 30. Qxc5 Rxc5 31. R7xd4 Rc2
32. R4d2 b3 33. Kf1 f3 34. gxf3 a5 35. Rd8+ Ka7 36. R1d7+ Rb7 37. Rxb7+
Kxb7 38. Rd5 Ka6 39. Rh5 Rxb2 40. Rxh6+ Kb7 41. Rh5 Rb1+ 42. Kg2 b2 43.
Rb5+ Kc6 44. h4 Ra1 45. Rxb2 Rxa4 46. Kg3 Ra1 47. h5 a4 48. Kg2 Kc5 49. h6
Rd1 50. h7 Rd8 51. Rb7 a3 52. Ra7 Rh8 53. Rxa3 Rxh7 54. Rd3 Rg7+ 55. Kh3
Rh7+ 56. Kg4 Rg7+ 57. Kf5 Rf7+ 58. Ke5 1-0

[Event "National Open"]
[Site "Las Vegas USA"]
[Date "2008.06.08"]
[Round "6"]
[White "Yanayt,E"]
[Black "Bradford,J"]
[Result "1/2-1/2"]
[WhiteElo "2268"]
[BlackElo "2412"]
[EventDate "2008.06.06"]

1. d4 d5 2. c4 c6 3. Nf3 Nf6 4. Qc2 g6 5. Bf4 Bg7 6. e3 O-O 7. Nc3 Qa5 8.
cxd5 Nxd5 9. Be5 Bf5 10. Qd2 Nxc3 11. Bxg7 Kxg7 12. Qxc3 Qxc3+ 1/2-1/2

[Event "National Open"]
[Site "Las Vegas USA"]
[Date "2008.06.08"]
[Round "6"]
[White "Robson,R"]
[Black "Brigljevic,M"]
[Result "1-0"]
[WhiteElo "2433"]
[BlackElo "2293"]
[EventDate "2008.06.06"]

1. e4 c5 2. Nf3 e6 3. d4 cxd4 4. Nxd4 Nf6 5. Nc3 d6 6. Be2 Be7 7. O-O O-O
8. f4 Nc6 9. Kh1 Bd7 10. Nb3 a5 11. a4 Nb4 12. Bf3 e5 13. Qe2 Qc7 14. Rd1
Be6 15. f5 Bc4 16. Qf2 Rfd8 17. Be3 Nd7 18. Rac1 Rdc8 19. Nd2 Ba6 20. Nd5
Nxd5 21. exd5 Nc5 22. b3 b6 23. Qg3 Qd8 24. c4 Rab8 25. Bh5 Rc7 26. Rf1 Bf6
27. Be2 Kh8 28. Qg4 Bc8 29. Bd1 h6 30. Nf3 Re7 31. Bc2 Bd7 32. Qh5 Kg8 33.
g4 e4 34. Nd2 Nd3 35. Rcd1 Re8 36. Nxe4 Rxe4 37. Rxd3 Qe7 38. Qh3 Bg5 39.
Bxg5 Qxg5 40. Qg3 Rbe8 41. Qxd6 Re1 42. Rd1 Rxf1+ 43. Rxf1 Qxg4 44. Qxd7
Qe2 45. Bd3 Qe3 46. f6 1-0

[Event "National Open"]
[Site "Las Vegas USA"]
[Date "2008.06.08"]
[Round "6"]
[White "Paragua,M"]
[Black "Haessel,D"]
[Result "1-0"]
[WhiteElo "2538"]
[BlackElo "2142"]
[EventDate "2008.06.06"]

1. e4 e5 2. d4 exd4 3. Qxd4 Nc6 4. Qe3 g6 5. Nc3 Bg7 6. Bd2 Nge7 7. O-O-O
O-O 8. Qg3 d6 9. h4 h5 10. Nh3 Nd4 11. Bg5 Qd7 12. Be3 Ne6 13. f4 Bxc3 14.
bxc3 Qa4 15. f5 Qxe4 16. fxe6 Nf5 17. exf7+ Kg7 18. Bd4+ Qxd4 19. Qxg6+
Kxg6 20. cxd4 Rxf7 21. Bd3 Kg7 22. Ng5 Rf6 23. Rde1 Ng3 24. Re7+ Kf8 25.
Rhe1 Bf5 26. Bxf5 Rxf5 27. Rh7 1-0

[Event "National Open"]
[Site "Las Vegas USA"]
[Date "2008.06.08"]
[Round "6"]
[White "Laylo,D"]
[Black "Rubsamen,C"]
[Result "1-0"]
[WhiteElo "2496"]
[BlackElo "2211"]
[EventDate "2008.06.06"]

1. c4 Nf6 2. Nc3 g6 3. g3 Bg7 4. Bg2 O-O 5. e4 d6 6. Nge2 c5 7. O-O Nc6 8.
d3 Rb8 9. b3 a6 10. Bb2 b5 11. Qd2 Ne8 12. f4 Nd4 13. Nxd4 Bxd4+ 14. Kh1
Ng7 15. Ne2 Bxb2 16. Qxb2 f5 17. Qc2 Bb7 18. Rae1 e6 19. Nc3 b4 20. Na4 Qc7
21. e5 Rfd8 22. exd6 Qxd6 23. Re5 Qxd3 24. Qxd3 Bxg2+ 25. Kxg2 Rxd3 26.
Nxc5 Rd2+ 27. Rf2 Rbd8 28. Nxa6 Nh5 29. Rxe6 Kf7 30. Ree2 Rd1 31. Nxb4 Nf6
32. Rf1 Rxf1 33. Kxf1 Rd1+ 34. Kg2 Ne4 35. Rc2 Nc5 36. Nc6 Ke6 37. Re2+ Kd6
38. Ne5 Ne4 39. Nf7+ Kc5 40. Ng5 Nc3 41. Rc2 Kd4 42. c5 Nd5 43. c6 1-0

[Event "National Open"]
[Site "Las Vegas USA"]
[Date "2008.06.08"]
[Round "6"]
[White "Kretchetov,A"]
[Black "Bady,G"]
[Result "1/2-1/2"]
[WhiteElo "2351"]
[BlackElo "2229"]
[EventDate "2008.06.06"]

1. Nf3 Nf6 2. c4 c6 3. d4 d5 4. e3 a6 5. Bd3 dxc4 6. Bxc4 b5 7. Bd3 e6 8.
a4 b4 9. O-O c5 10. dxc5 Bxc5 11. e4 Be7 12. Qe2 Bb7 13. Bg5 Nbd7 14. Rd1
O-O 15. Nbd2 h6 16. Bf4 Nc5 17. Nc4 Qe8 18. Nd6 Qc6 19. Nd4 Qd7 20. Nxb7
Qxb7 21. f3 Rfd8 22. Be3 Rd7 23. Bc4 Rad8 24. b3 Nh7 25. Nc2 a5 26. Rxd7
Qxd7 27. Bd4 Nf6 28. g3 Qc7 29. Rd1 Nfd7 30. Ne3 Ne5 31. Kg2 Bf6 32. Bxe5
Qxe5 33. Ng4 Qc3 1/2-1/2

[Event "National Open"]
[Site "Las Vegas USA"]
[Date "2008.06.08"]
[Round "6"]
[White "Tate,E"]
[Black "Iwu,O"]
[Result "1-0"]
[WhiteElo "2378"]
[BlackElo "2173"]
[EventDate "2008.06.06"]

1. f4 d5 2. e3 g6 3. Nf3 Bg7 4. d4 c5 5. c3 b6 6. Bd3 Nh6 7. Qa4+ Bd7 8.
Qa3 Qc7 9. e4 e6 10. dxc5 bxc5 11. c4 O-O 12. Nc3 d4 13. Nd1 Qb6 14. Qb3
Nc6 15. Nf2 f6 16. Qd1 e5 17. O-O exf4 18. Bxf4 Nf7 19. Rb1 Nfe5 20. a3 a5
21. b3 Rfb8 22. Qc1 Rb7 23. Be2 Qa7 24. Nxe5 fxe5 25. Bd2 Qb8 26. Nd3 Bf8
27. Bh6 Qd6 28. Bxf8 Rxf8 29. Rxf8+ Qxf8 30. Qg5 Qd6 31. h4 a4 32. b4 cxb4
33. axb4 Be6 34. c5 Qb8 35. Qf6 Bd7 36. Nf4 Be8 37. Bc4+ Bf7 38. Ne6 1-0

[Event "National Open"]
[Site "Las Vegas USA"]
[Date "2008.06.08"]
[Round "6"]
[White "Sinanan,J"]
[Black "Bryant,J"]
[Result "1/2-1/2"]
[WhiteElo "2155"]
[BlackElo "2226"]
[EventDate "2008.06.06"]

1. Nf3 Nf6 2. c4 g6 3. Nc3 Bg7 4. e4 d6 5. d4 O-O 6. Be2 e5 7. O-O Nc6 8.
d5 Ne7 9. b4 Ne8 10. c5 f5 11. Ng5 h6 12. Ne6 Bxe6 13. dxe6 fxe4 14. Bc4
Nf6 15. cxd6 cxd6 16. Qb3 d5 17. Be2 Qb6 18. b5 Qxe6 19. Ba3 Rfd8 20. Bxe7
Qxe7 21. Nxd5 Rxd5 22. Rad1 Kh7 23. Rxd5 Nxd5 24. Qxd5 Rd8 25. Qxe4 Rd4 26.
Qc2 e4 27. Rd1 e3 28. f3 h5 29. Rxd4 Bxd4 30. g3 Qb4 31. Qd1 h4 32. Kg2 Qd6
33. Qd3 Qd7 34. gxh4 Kh6 35. Qe4 Qd6 36. Bd3 Bb6 37. f4 a6 38. bxa6 bxa6
39. Kf3 a5 40. Qe5 Qxe5 41. fxe5 Kg7 42. Be2 Bd8 43. Kxe3 Bxh4 44. Ke4 Be1
45. Kd5 Kf7 46. Kd6 Bb4+ 47. Kd7 g5 48. Bh5+ Kf8 1/2-1/2

[Event "National Open"]
[Site "Las Vegas USA"]
[Date "2008.06.08"]
[Round "6"]
[White "Monokroussos,D"]
[Black "Akopian,R"]
[Result "1/2-1/2"]
[WhiteElo "2327"]
[BlackElo "2121"]
[EventDate "2008.06.06"]

1. e4 d6 2. d4 Nf6 3. Nc3 g6 4. g3 Bg7 5. Bg2 O-O 6. Nge2 e5 7. O-O Nc6 8.
dxe5 dxe5 9. Bg5 Nd4 10. Nxd4 exd4 11. Nd5 c6 12. Qxd4 Nxd5 13. Qxg7+ Kxg7
14. Bxd8 Rxd8 15. exd5 cxd5 16. Rad1 Be6 17. Rd4 Rac8 18. c3 Rc4 19. Rfd1
b5 20. f4 a5 21. Kf2 Kf6 22. Ke3 Re8 23. Kf2 b4 24. cxb4 axb4 25. Bf1 Rc2+
26. R1d2 Rxd2+ 27. Rxd2 Ra8 28. Rd4 Rxa2 29. Rxb4 Ra1 30. Rd4 Ra2 31. Rd2
d4 32. Rxd4 Rxb2+ 1/2-1/2

[Event "National Open"]
[Site "Las Vegas USA"]
[Date "2008.06.08"]
[Round "6"]
[White "Cline,J"]
[Black "Wallach,K"]
[Result "1/2-1/2"]
[WhiteElo "2282"]
[BlackElo "2189"]
[EventDate "2008.06.06"]

1. e4 c5 2. Nf3 g6 3. c4 Nc6 4. d4 cxd4 5. Nxd4 Nf6 6. Nc3 d6 7. Be2 Nxd4
8. Qxd4 Bg7 9. Bg5 O-O 10. Qd2 Be6 11. O-O Qa5 12. Rac1 Rfc8 13. b3 a6 14.
f4 b5 15. f5 b4 16. fxe6 bxc3 17. exf7+ Kxf7 18. Rxc3 Kg8 19. Rc2 Qxd2 20.
Bxd2 Nxe4 21. Be3 Rab8 22. Bg4 Rc7 23. Be6+ Kh8 24. Rf7 Bf6 25. h4 Nc5 26.
Bd5 Nd3 27. h5 Ne5 28. Rxf6 exf6 29. h6 a5 30. Bd4 Rcc8 31. Rf2 Rf8 32. Bc3
a4 33. b4 Rbc8 34. c5 g5 35. c6 Nxc6 36. Bxf6+ Rxf6 37. Rxf6 Nxb4 38. Rxd6
Nxd5 39. Rxd5 g4 40. Kh2 Kg8 41. Rg5+ Kf7 42. Rg7+ Kf6 43. Rxh7 Kg6 44.
Rg7+ Kxh6 45. Rxg4 a3 46. Rg3 Ra8 47. Rf3 Kg5 48. Kg3 Ra4 49. Kf2 Rf4 50.
Rxf4 1/2-1/2